| 000 | 00604nam a2200205 a 4500 | ||
|---|---|---|---|
| 005 | 20250111063820.0 | ||
| 008 | 080922s2000 mx r 000 0 spa d | ||
| 020 | _a2024799. | ||
| 035 | _aUPN01000160076 | ||
| 049 | _aUNE | ||
| 080 | _aOC 613.83 (07) =40 EDU. | ||
| 245 | 0 | 3 | _aL' Education et les drogues: prévenir/ Pierre Angel...(et al.) |
| 260 | _aParis : UNESCO, 1987. | ||
| 300 | _a76 p.; 27 cm. il., fot. | ||
| 690 |
_aEducación antidrogadicción _914703 |
||
| 690 | _aToxicomania- Estrategias de enseñanza | ||
| 700 | 1 | _aAngel, Pierre, coaut. | |
| 710 | 2 | _aUNESCO | |
| 905 | _aUNESCO | ||
| 999 |
_c132190 _d132190 |
||